Catálogo público

Respuesta de tetranychus urticae, koch. A la aplicación de nanopartículas de plata en cultivo de rosa (Rosa x hybrida) en el estado de México / (Record no. 220613)

MARC details
000 -CABECERA
campo de control de longitud fija 03157nam a2200337 a 4500
003 - IDENTIFICADOR DEL NÚMERO DE CONTROL
campo de control OSt
005 - FECHA Y HORA DE LA ÚLTIMA TRANSACCIÓN
campo de control 20250616100552.0
007 - CAMPO FIJO DE DESCRIPCIÓN FÍSICA--INFORMACIÓN GENERAL
campo de control de longitud fija cr ||||||a|a|a
008 - DATOS DE LONGITUD FIJA--INFORMACIÓN GENERAL
campo de control de longitud fija 250616s2025 mx a|||fom||| 001 0 spa d
040 ## - FUENTE DE LA CATALOGACIÓN
Normas de descripción rda
100 1# - ENTRADA PRINCIPAL--NOMBRE DE PERSONA
Nombre de persona Rodríguez Salazar, Alexey
9 (RLIN) 190459
245 10 - MENCIÓN DE TÍTULO
Título Respuesta de tetranychus urticae, koch. A la aplicación de nanopartículas de plata en cultivo de rosa (Rosa x hybrida) en el estado de México /
Mención de responsabilidad, etc. por Alexey Rodríguez Salazar; director de tesis Jaime Alfredo Urzúa Gutiérrez; secretario Sandra Guadalupe González Domínguez; vocal Calixto Leopoldo Carrillo Fonseca; suplente José Antonio Tafoya Razo; suplente Candelario Santillán Ortega.
264 #1 - PRODUCCIÓN, PUBLICACIÓN, DISTRIBUCIÓN, FABRICACIÓN Y COPYRIGHT
Producción, publicación, distribución, fabricación y copyright Chapingo, México :
Nombre del de productor, editor, distribuidor, fabricante El autor,
Fecha de producción, publicación, distribución, fabricación o copyright 2024.
300 ## - DESCRIPCIÓN FÍSICA
Extensión 1 recurso en línea (49 páginas):
Otras características físicas cuadros, figuras.
336 ## - TIPO DE CONTENIDO
Fuente rdacontent
Término de tipo de contenido texto
Código de tipo de contenido txt
337 ## - TIPO DE MEDIO
Fuente rdamedia
Nombre/término del tipo de medio computadora
Código del tipo de medio c
338 ## - TIPO DE SOPORTE
Fuente rdacarrier
Nombre/término del tipo de soporte recurso en línea
Código del tipo de soporte cr
502 ## - NOTA DE TESIS
Tipo de título Ingeniero Agrónomo Especialista en Parasitología Agrícola
Nombre de la institución que otorga el título Departamento de Enseñanza, Investigación y Servicio en Parasitología Agrícola,
Año de obtención del título 2024.
Información miscelánea Licenciatura
504 ## - NOTA DE BIBLIOGRAFÍA, ETC.
Nota de bibliografía, etc. Incluye referencias bibliográficas: páginas 33-47.
520 ## - SUMARIO, ETC.
Sumario, etc. Tetranychus urticae, Koch. conocido como el ácaro de dos manchas, es una especie polífaga que causa serios problemas económicos. El cultivo de rosa (Rosa x hybrida), es altamente susceptible al ataque de T. urticae causando grandes pérdidas económicas por su alimentación, lo cual, desencadeno el uso múltiple de acaricidas, volviéndose un problema en la producción mundial por los mecanismos de resistencia que esta plaga ha presentado. Las restricciones en el uso de sustancias activas permitidas han llevado a la búsqueda diferentes métodos para controlar plagas. Uno de ellos se basa en inducir mecanismos de defensas naturales de las plantas. El ácido Jasmónico (JA) y el ácido salicílico tienen un papel importante en distintos procesos fisiológicos de las plantas, constituyen un mecanismo de defensas como una respuesta funcional a factores de estrés biótico y abiótico, que están estrechamente relacionadas con la presencia de ácaros fitófagos. Es por lo que, atendiendo esta problemática se evaluó el efecto que tendría la aplicación de nanopartículas de plata en la planta y en las poblaciones de T. urticae actuando ya sea como un inductor de resistencia al aumentar los niveles de JA y de ácido salicílico o como un nuevo método de control de poblaciones, al evaluar los efectos que causan las aplicaciones en el establecimiento de este ácaro en la planta.
650 #4 - PUNTO DE ACCESO ADICIONAL DE MATERIA--TÉRMINO DE MATERIA
Término de materia o nombre geográfico como elemento de entrada Tetranychus urticae
Subdivisión general Control
9 (RLIN) 132187
650 #4 - PUNTO DE ACCESO ADICIONAL DE MATERIA--TÉRMINO DE MATERIA
Término de materia o nombre geográfico como elemento de entrada Nanopartículas de plata
Subdivisión general Efecto en fitopatógenos
9 (RLIN) 188488
650 #4 - PUNTO DE ACCESO ADICIONAL DE MATERIA--TÉRMINO DE MATERIA
Término de materia o nombre geográfico como elemento de entrada Nanopartículas de plata
Subdivisión general Efecto en plantas
9 (RLIN) 187684
700 1# - PUNTO DE ACCESO ADICIONAL--NOMBRE DE PERSONA
Nombre de persona Urzúa Gutiérrez, Jaime Alfredo
Término indicativo de función/relación director de tesis
9 (RLIN) 117018
700 1# - PUNTO DE ACCESO ADICIONAL--NOMBRE DE PERSONA
Nombre de persona González Domínguez, Sandra Guadalupe
9 (RLIN) 48859
Término indicativo de función/relación secretario.
700 1# - PUNTO DE ACCESO ADICIONAL--NOMBRE DE PERSONA
Nombre de persona Carrillo Fonseca, Calixto Leopoldo
9 (RLIN) 19482
Término indicativo de función/relación vocal.
700 1# - PUNTO DE ACCESO ADICIONAL--NOMBRE DE PERSONA
Nombre de persona Tafoya Razo, José Antonio
9 (RLIN) 111341
Término indicativo de función/relación suplente.
700 1# - PUNTO DE ACCESO ADICIONAL--NOMBRE DE PERSONA
Nombre de persona Santillán Ortega, Candelario
Término indicativo de función/relación suplente.
9 (RLIN) 102429
856 ## - LOCALIZACIÓN Y ACCESO ELECTRÓNICOS
Identificador Uniforme del Recurso http://10.13.5.2/tesis/tl/1412195-6_RODRIGUEZ_SALAZAR_ALEXEY.pdf
Nota pública DESCARGAR PDF
942 ## - ELEMENTOS DE PUNTO DE ACCESO ADICIONAL (KOHA)
Fuente del sistema de clasificación o colocación Clasificación Universidad Autónoma Chapingo
Tipo de ítem Koha Tesis digital
Holdings
Estado de retiro Estado de pérdida Fuente del sistema de clasificación o colocación Estado dañado Restricciones de uso No para préstamo Código de colección Localización permanente Ubicación/localización actual Ubicación en estantería Fecha de adquisición Total de préstamos Signatura topográfica completa Fecha visto por última vez Precio válido a partir de Tipo de ítem Koha
    Clasificación Universidad Autónoma de Chapingo   Préstamo interno   Tesis digitales de Licenciatura Biblioteca Digital Biblioteca Digital En línea 16/06/2025   Tesis digital 16/06/2025 16/06/2025 Tesis digital